| 000 | 00639nam a2200193 i 4500 | ||
|---|---|---|---|
| 001 | 86555 | ||
| 003 | ES-MaACL | ||
| 005 | 20250930063105.0 | ||
| 007 | t| | ||
| 008 | 041213s1928 sp ||||1| spa d | ||
| 100 | 1 |
_aKeyserling, Hermann, Graf von, _d1880-1946 _967982 |
|
| 245 | 1 | 0 |
_aDiario de viaje de un filósofo / _cHermann Alexander Graf von Keyserling ; traducido del alemán, Manuel G. Morente. |
| 260 |
_aMadrid : _bEspasa-Calpe, _c1928. |
||
| 300 |
_av. ; _c22 cm. |
||
| 500 | _aSon los vol. 1 y 2. | ||
| 700 | 1 |
_aGarcía Morente, Manuel, _d1886-1942 _955002 |
|
| 852 |
_aES-MaACL _jB-5202-3 |
||
| 999 |
_c86555 _d86555 |
||